| 000 | 00971nam a22002897a 4500 | ||
|---|---|---|---|
| 001 | 7185 | ||
| 003 | FISKH | ||
| 005 | 20250702081927.0 | ||
| 008 | 250702b cb ||||| |||| 00| 0 eng d | ||
| 020 | _a9780439079556 | ||
| 040 |
_aFISKH _beng _cFISKH _dFISKH |
||
| 050 | _aPZ7.S52865 B | ||
| 082 | _a372.4 | ||
| 100 | _aShannon, David | ||
| 245 |
_aA bad case of stripes / _cDavid Shannon |
||
| 250 | _aFirst Scholastic paperback printing, April 1999. | ||
| 260 |
_aNew York ; _bSchoalastic, _c1998 |
||
| 300 |
_a32 unnumbered pages : _bcolor illustrations ; _c28 cm |
||
| 505 | _aP | ||
| 520 | _aIn order to ensure her popularity, Camilla Cream always does what is expected, until the day arrives when she no longer recognizes herself. | ||
| 521 | 8 |
_a610
_bLexile AD |
|
| 521 | 8 |
_aP
_bRaz-Plus |
|
| 650 |
_aBeing yourself _vFiction _xFirst day of school |
||
| 650 |
_aIndividuality _vPicture book _xSelf-esteem |
||
| 942 |
_2ddc _cBK _n0 |
||
| 999 |
_c7185 _d7185 |
||